00474 2200181 4500001002100000005001500021008004100036020002200077035001900099041000700118082001000125090001600135100001900151245004200170260004100212300001900253650002000272INLIS00000000001232420241224114338241224||||||||| | ||| |||| || |  a978-979-22-2979-0 0010-1224012324 aid0 a513.2 a513.2 ADI c0 aAdi w. Gunawan00aCara Genius Menguasai Tabel Perkalian aJakartabgraedia pustaka utamac2007 a113hlm;14x21cm 0aIlmu Matematika